Dejiny poisťovníctva v Československu
Na minha lista:
| Formato: | Livro |
|---|---|
| Idioma: | eslovaco tcheco |
| Publicado em: |
Praha
Novinář
1989
|
| Edição: | 1. vyd. |
| Assuntos: | |
| Tags: |
Sem tags, seja o primeiro a adicionar uma tag!
|
MARC
| LEADER | 00000nam a2200000 4500 | ||
|---|---|---|---|
| 001 | c005325 | ||
| 005 | 20240228073126.3 | ||
| 041 | 0 | |a slo | |
| 041 | 0 | |a cze | |
| 044 | |a CZ | ||
| 245 | 1 | 0 | |a Dejiny poisťovníctva v Československu |c Hl. red. Miroslav Marvan |
| 250 | |a 1. vyd. | ||
| 264 | 1 | |a Praha |b Novinář |c 1989 | |
| 300 | |a 360 s. | ||
| 610 | 2 | 0 | |a poisťovníctvo |
| 610 | 2 | 0 | |a poistenie |
| 610 | 2 | 0 | |a história |
| 610 | 2 | 0 | |a Československo |
| 610 | 2 | 0 | |a ČSR |